00733nam a2200205Ia 4500008004100000020001800041082001400059100002200073245002400095250000800119260005700127300002400184500001900208600002000227650002000247856010700267942000700374952012900381999001700510240925s9999 xx 000 0 und d a9780300259360 a327.1 MUL a Mulder, Nicholas 4aThe economic weapon aN/A aNew Haven and London:bYale University Pressc,2022. a434p.bNAfOriginal aIncludes Index aSocial Sciences aSocial Sciences uhttps://drive.google.com/file/d/1eXBDvpgK09MgniyCwSKZygaVbQkw5tp2/view?usp=sharingyClick here for PDF cBK 001040708SSaUITUbUITUd2024-05-23eA.R Book Companyg6851.67l0o327.1 MULpQ15758r2024-09-25 07:17:51w0000-00-00yBK c18257d18257